|
|
|
|
| LEADER |
00554cam a2200169 7i4500 |
| 001 |
0000017358 |
| 005 |
20060420090000.0 |
| 022 |
0 |
0 |
|a 1741-0312
|
| 090 |
0 |
0 |
|a GABN 330.9
|b GAB
|
| 245 |
0 |
0 |
|a Gabon :
|b EIU country profile 2006.
|
| 260 |
0 |
0 |
|a London:
|b The Economist Intelligence Unit,
|c 2006.
|
| 300 |
# |
# |
|a 51p.
|
| 650 |
0 |
0 |
|a Gabon --
|x Country profile
|
| 651 |
0 |
0 |
|a Gabon
|
| 999 |
|
|
|a SBH000501B
|b Book
|c Countries
|e MATRADE Sabah
|
| 999 |
|
|
|a PNG000510B
|b Book
|c Countries
|e MATRADE Northern Regional Office
|
| 999 |
|
|
|a B000018594
|b Book
|c Countries
|e Business Information Centre
|